|
|
|
|
| LEADER |
01189nam a22002897a 4500 |
| 001 |
34738 |
| 003 |
BD-DhAAL |
| 005 |
20211118131236.0 |
| 008 |
190618r20082015ii a|||| b||| 001 0 eng d |
| 999 |
|
|
|c 40693
|d 40693
|
| 020 |
|
|
|a 9788123915500
|
| 040 |
|
|
|a BD-DhAAL
|
| 082 |
|
|
|a 629.136
|2 22
|
| 100 |
|
|
|a Saxena, Subhash C.
|9 32634
|
| 245 |
|
|
|a Airport engineering :
|b planning and design /
|c Subhash C. Saxena
|
| 260 |
|
|
|a New Delhi :
|b CBS Publishers & Distributors,
|c 2008 [ Reprint 2015 ]
|
| 300 |
|
|
|a xxvii, 399 pages :
|b illustrations ;
|c 24 cm.
|
| 504 |
|
|
|a Including bibliographical references and index
|
| 526 |
|
|
|a ARC
|
| 541 |
|
|
|a HYE Trade International
|e 34738
|
| 650 |
|
|
|a Airports
|x Planning.
|9 32635
|
| 650 |
|
|
|a Airports
|x Design and construction.
|9 32636
|
| 650 |
|
|
|a Airports
|x Maintenance and repair.
|9 32637
|
| 650 |
|
|
|a Architecture
|9 42835
|
| 852 |
|
|
|a Department of Architecture
|c General Stacks
|
| 942 |
|
|
|2 ddc
|c BK
|
| 952 |
|
|
|0 0
|1 0
|2 ddc
|4 0
|6 629_136000000000000_SAX
|7 0
|9 65556
|a BRACUL
|b BRACUL
|c GEN
|d 2019-06-12
|e Hye Trade International
|g 494.00
|l 1
|m 1
|o 629.136 SAX
|p 3010034738
|r 2025-02-28
|s 2025-02-16
|t 1
|v 494.00
|w 2019-06-12
|y BK
|x Transferred from ARC to BRACUL on 28/12/2023
|